000 01094cam a22002535a 4500
001 L157998
008 131002s2012 xxk f 000 0 eng d
020 _a9788132348917
035 _a(Sirsi) u157998
041 0 _aeng
100 1 _aKaminski, Viviana
245 0 0 _aUrban Studies and Planning
_h[electronic resource]
260 _aDelhi
_bThe English Press
_c2012
300 _aebook
505 2 _aUrban Planning and Urban Design -- Form-based Code -- Ancient Chinese Urban Planning -- Height Restriction Laws -- Land Use Forecasting -- New Pedestrianism -- Principles of Intelligent Urbanism -- smart City and Smart Growth -- Central Place Theory.
520 _aIncludes chapters about urban planning and urban design, form based code, land use forecasting and principles of intelligent urbanism.
650 2 4 _aURBAN PLANNING
650 2 4 _aURBAN DESIGN
650 2 4 _aLand use
_96251
651 4 _aInternational
690 _aPlanning and development
_96259
856 4 0 _uhttps://www.vlebooks.com/
_zView on VLEbooks. Logins for members only from [email protected]
942 _n0
999 _c115065
_d115065